[Event "Niedersachsen-ch Seniors op 14th"]
[Site "Bad Bevensen"]
[Date "2011.07.09"]
[Round "5"]
[White "Jasinski, Viktor"]
[Black "Ehresmann, Horst"]
[Result "1/2-1/2"]
[WhiteElo "1608"]
[BlackElo "1387"]
[PlyCount "42"]
[EventDate "2011.07.05"]
[EventType "swiss"]
[EventRounds "9"]
[EventCountry "GER"]
[SourceTitle "EXT 2012"]
[Source "ChessBase"]
[SourceDate "2011.11.24"]
[SourceVersion "1"]
[SourceVersionDate "2011.11.24"]
[SourceQuality "1"]

1. d4 g6 2. c4 Bg7 3. Nf3 h6 4. Nc3 e6 5. Bf4 d6 6. Qd2 Ne7 7. e4 Nd7 8. Be2 a6 9. Rc1 b6 10. 0-0 Bb7 11. b4 g5 12. Be3 Ng6 13. c5 Nf6 14. e5 dxe5 15. dxe5 Qxd2 16. Bxd2 Nd7 17. cxb6 cxb6 18. Na4 0-0 19. Rc7 Bxf3 20. Bxf3 Rad8 21. Bc3 b5 1/2-1/2

[Event "Niedersachsen-ch Seniors op 13th"]
[Site "Bad Bevensen"]
[Date "2010.07.14"]
[Round "9"]
[White "Aufmwasser, Guenter"]
[Black "Ehresmann, Horst"]
[Result "1-0"]
[WhiteElo "1578"]
[BlackElo "1391"]
[PlyCount "81"]
[EventDate "2010.07.06"]
[EventType "swiss"]
[EventRounds "9"]
[EventCountry "GER"]
[SourceTitle "EXT 2012"]
[Source "ChessBase"]
[SourceDate "2011.11.24"]
[SourceVersion "1"]
[SourceVersionDate "2011.11.24"]
[SourceQuality "1"]

1. f4 g6 2. Nf3 Bg7 3. e3 e6 4. Be2 h6 5. 0-0 Ne7 6. c3 d6 7. Na3 Nd7 8. Nc2 b6 9. d3 Bb7 10. Qe1 0-0 11. e4 Kh7 12. Bd2 Qe8 13. Qg3 f5 14. e5 Rb8 15. d4 Be4 16. Nce1 d5 17. Qh3 Kg8 18. Rc1 c5 19. Bb5 Rc8 20. Be3 Rc7 21. a3 Qa8 22. Nd3 c4 23. Nf2 a6 24. Ba4 Kf7 25. Kh1 b5 26. Bd1 Rg8 27. Nxe4 dxe4 28. Ne1 Nf8 29. Nc2 a5 30. Bd2 Nd7 31. Ne3 Nd5 32. Nxd5 Qxd5 33. Re1 Nf8 34. Re3 Nd7 35. Qh4 Nc5 36. Rg3 Nd3 37. Rxg6 Nxc1 38. Bh5 Kf8 39. Rf6+ Bxf6 40. Qxf6+ Rf7 41. Qxf7# 1-0

[Event "Niedersachsen-ch Seniors op 13th"]
[Site "Bad Bevensen"]
[Date "2010.07.08"]
[Round "3"]
[White "Ehresmann, Horst"]
[Black "Nolte, Wilhelm"]
[Result "0-1"]
[WhiteElo "1391"]
[BlackElo "1698"]
[PlyCount "48"]
[EventDate "2010.07.06"]
[EventType "swiss"]
[EventRounds "9"]
[EventCountry "GER"]
[SourceTitle "EXT 2012"]
[Source "ChessBase"]
[SourceDate "2011.11.24"]
[SourceVersion "1"]
[SourceVersionDate "2011.11.24"]
[SourceQuality "1"]

1. d4 Nf6 2. Nf3 e6 3. e3 d5 4. a3 c5 5. dxc5 Bxc5 6. Nbd2 a6 7. b3 Nc6 8. Bb2 0-0 9. Be2 Re8 10. 0-0 e5 11. c4 d4 12. exd4 exd4 13. Bd3 h6 14. b4 Ba7 15. Qc2 Bg4 16. b5 axb5 17. cxb5 Na5 18. h3 Be6 19. Rae1 Rc8 20. Qa4 Nd5 21. Ne5 Nc3 22. Bxc3 dxc3 23. Ndc4 Nxc4 24. Nxc4 Qxd3 0-1

[Event "Bad Bevensen Seniors op 12th"]
[Site "Bad Bevensen"]
[Date "2009.07.08"]
[Round "2"]
[White "Ehresmann, Horst"]
[Black "Gruber, Albert"]
[Result "1/2-1/2"]
[WhiteElo "1380"]
[BlackElo "1651"]
[PlyCount "31"]
[EventDate "2009.07.07"]
[EventType "swiss"]
[EventRounds "9"]
[EventCountry "GER"]
[SourceTitle "EXT 2022"]
[Source "ChessBase"]
[SourceDate "2021.10.06"]
[SourceVersion "1"]
[SourceVersionDate "2021.10.06"]
[SourceQuality "1"]

1. d4 d5 2. Nf3 Nc6 3. e3 Bg4 4. Be2 Nf6 5. Nbd2 e6 6. a3 Bd6 7. h3 Bh5 8. b3 0-0 9. 0-0 Ne4 10. Bb2 f5 11. c4 b6 12. b4 Qf6 13. Qc2 Nxd2 14. Qxd2 f4 15. c5 fxe3 16. fxe3 1/2-1/2

[Event "Niedersachsen-ch Seniors op 10th"]
[Site "Bad Bevensen"]
[Date "2007.07.09"]
[Round "7"]
[White "Buss, Richard"]
[Black "Ehresmann, Horst"]
[Result "1/2-1/2"]
[WhiteElo "1343"]
[BlackElo "1366"]
[PlyCount "29"]
[EventDate "2007.07.03"]
[EventType "swiss"]
[EventRounds "9"]
[EventCountry "GER"]
[SourceTitle "EXT 2022"]
[Source "ChessBase"]
[SourceDate "2021.10.06"]
[SourceVersion "1"]
[SourceVersionDate "2021.10.06"]
[SourceQuality "1"]

1. e4 g6 2. Nf3 Bg7 3. c3 d6 4. d4 e6 5. Be2 Ne7 6. 0-0 0-0 7. Bg5 h6 8. Be3 Nd7 9. Qc2 a6 10. a4 b6 11. Nbd2 Bb7 12. b4 Kh7 13. Rfd1 f5 14. exf5 exf5 15. Nf1 1/2-1/2

[Event "Niedersachsen-ch Seniors op 10th"]
[Site "Bad Bevensen"]
[Date "2007.07.07"]
[Round "5"]
[White "Kirchner, Holger"]
[Black "Ehresmann, Horst"]
[Result "1-0"]
[WhiteElo "1161"]
[BlackElo "1366"]
[PlyCount "65"]
[EventDate "2007.07.03"]
[EventType "swiss"]
[EventRounds "9"]
[EventCountry "GER"]
[SourceTitle "EXT 2022"]
[Source "ChessBase"]
[SourceDate "2021.10.06"]
[SourceVersion "1"]
[SourceVersionDate "2021.10.06"]
[SourceQuality "1"]

1. Nc3 g6 2. Nf3 Bg7 3. d4 d6 4. e4 e6 5. g3 Nd7 6. Bg2 Ne7 7. 0-0 h6 8. Re1 0-0 9. e5 d5 10. Be3 Nf5 11. Bh3 Nxe3 12. Rxe3 a6 13. a4 b6 14. Bf1 Bb7 15. b4 Qe7 16. Rb1 Rfb8 17. Qd2 c5 18. bxc5 bxc5 19. dxc5 Nxc5 20. Nd4 Qc7 21. f4 Bf8 22. Bh3 Bc8 23. Rxb8 Rxb8 24. g4 Rb4 25. f5 exf5 26. gxf5 Kh7 27. fxg6+ fxg6 28. Bxc8 Qxc8 29. e6 Qd8 30. Rh3 Ne4 31. Nxe4 dxe4 32. c3 Bc5 33. Qxh6+ 1-0

[Event "Niedersachsen-ch Seniors op 09th"]
[Site "Bad Bevensen"]
[Date "2006.06.28"]
[Round "5"]
[White "Janzen, Christian"]
[Black "Ehresmann, Horst"]
[Result "1/2-1/2"]
[WhiteElo "1628"]
[BlackElo "1422"]
[PlyCount "46"]
[EventDate "2006.06.24"]
[EventType "swiss"]
[EventRounds "9"]
[EventCountry "GER"]
[SourceTitle "EXT 2022"]
[Source "ChessBase"]
[SourceDate "2021.10.06"]
[SourceVersion "1"]
[SourceVersionDate "2021.10.06"]
[SourceQuality "1"]

1. d4 g6 2. Nf3 Bg7 3. Nbd2 d6 4. Nb3 e6 5. c3 Nd7 6. e4 Ne7 7. Bf4 h6 8. h4 b6 9. Bd3 a6 10. Qe2 Bb7 11. 0-0 0-0 12. Rfe1 e5 13. dxe5 dxe5 14. Bg3 Nc6 15. Rad1 Qe7 16. Rd2 Rfd8 17. Red1 Nc5 18. Nxc5 Qxc5 19. Bc4 Rxd2 20. Rxd2 Qe7 21. Qd1 Rd8 22. Bd5 Rd6 23. Bb3 Rxd2 1/2-1/2